The official politically correct dictionary and handbook / (Record no. 288553)
[ view plain ]
| 000 -LEADER | |
|---|---|
| fixed length control field | 01270pam a2200313 a 4500 |
| 001 - CONTROL NUMBER | |
| control field | 4854045 |
| 003 - CONTROL NUMBER IDENTIFIER | |
| control field | PILC |
| 005 - DATE AND TIME OF LATEST TRANSACTION | |
| control field | 20150828071351.0 |
| 008 - FIXED-LENGTH DATA ELEMENTS--GENERAL INFORMATION | |
| fixed length control field | 911118s1992 nyuab bd 000 0 eng |
| 010 ## - LIBRARY OF CONGRESS CONTROL NUMBER | |
| LC control number | 91050972 |
| 020 ## - INTERNATIONAL STANDARD BOOK NUMBER | |
| International Standard Book Number | 0679741135 (pbk.) : |
| Terms of availability | $10.00 ($12.50 Canada) |
| 040 ## - CATALOGING SOURCE | |
| Original cataloging agency | DLC |
| Transcribing agency | DLC |
| Modifying agency | DLC |
| 050 00 - LIBRARY OF CONGRESS CALL NUMBER | |
| Classification number | PN 6162 |
| Item number | .B372 1992 |
| 082 00 - DEWEY DECIMAL CLASSIFICATION NUMBER | |
| Classification number | 818/.5402 |
| 100 1# - MAIN ENTRY--PERSONAL NAME | |
| Personal name | Beard, Henry. |
| 245 14 - TITLE STATEMENT | |
| Title | The official politically correct dictionary and handbook / |
| Statement of responsibility, etc | Henry Beard and Christopher Cerf ; designed by Robert Bull Design ; contributing illustrators, Lauren Attinello and Tom Brannon. |
| 260 ## - PUBLICATION, DISTRIBUTION, ETC. (IMPRINT) | |
| Place of publication, distribution, etc | New York : |
| Name of publisher, distributor, etc | Villard Books, |
| Date of publication, distribution, etc | 1992. |
| 300 ## - PHYSICAL DESCRIPTION | |
| Extent | xiii, 176 pages : |
| Other physical details | illustrations ; |
| Dimensions | 21 cm. |
| 500 ## - GENERAL NOTE | |
| General note | Includes bibliographical references. |
| 650 #0 - SUBJECT ADDED ENTRY--TOPICAL TERM | |
| Topical term or geographic name as entry element | American wit and humor. |
| 650 #0 - SUBJECT ADDED ENTRY--TOPICAL TERM | |
| Topical term or geographic name as entry element | Euphemism |
| General subdivision | Humor. |
| 650 #0 - SUBJECT ADDED ENTRY--TOPICAL TERM | |
| Topical term or geographic name as entry element | Language and culture |
| General subdivision | Humor. |
| 650 #0 - SUBJECT ADDED ENTRY--TOPICAL TERM | |
| Topical term or geographic name as entry element | Political correctness |
| General subdivision | Humor. |
| 700 1# - ADDED ENTRY--PERSONAL NAME | |
| Personal name | Cerf, Christopher. |
| 856 42 - ELECTRONIC LOCATION AND ACCESS | |
| Materials specified | Publisher description |
| Uniform Resource Identifier | <a href="http://www.loc.gov/catdir/description/random048/91050972.html">http://www.loc.gov/catdir/description/random048/91050972.html</a> |
| 906 ## - LOCAL DATA ELEMENT F, LDF (RLIN) | |
| a | 7 |
| b | cbc |
| c | orignew |
| d | 1 |
| e | ocip |
| f | 19 |
| g | y-gencatlg |
| 942 ## - ADDED ENTRY ELEMENTS (KOHA) | |
| Source of classification or shelving scheme | Library of Congress Classification |
| Koha item type | Books |
| Call number prefix | Foreign |
| Withdrawn status | Lost status | Source of classification or shelving scheme | Damaged status | Home library | Current library | Shelving location | Date acquired | Source of acquisition | Sub Shelving location | Total Checkouts | Full call number | Barcode | Date last seen | Price effective from | Koha item type |
|---|---|---|---|---|---|---|---|---|---|---|---|---|---|---|---|
| Library of Congress Classification | College Library | College Library | General Circulation Section | 08/28/2015 | Donation | PN 6162 .B372 1992 | C19856 | 05/15/2018 | 08/28/2015 | Books |